000 00656nam a2200217 i 4500
001 97671
003 ES-MaACL
005 20230906182136.0
007 t|
008 050715s1973 sp ||||1| spa d
100 1 _aMarie Simone.
_976714
245 1 0 _aVivir de amor /
_cMarie Simone; [tradujeron J. Sans Vila y M. T. San Martín].
260 _aMadrid :
_bSígueme,
_c1973.
300 _a174 p. ;
_c19 cm.
490 1 _aTestigos del hombre ;
_v15
700 1 _aSans Vila, Jorge.
_9103212
700 1 _aSan Martín, M. T.
_9102264
830 0 _aTestigos del hombre ;
_v15
_9183342
852 _aES-MaACL
_jC-53472
_bR.86361
999 _c97671
_d97671